Určené pre dynamické a úspešné ženy

Slovenský výrobca dámskej konfekcie, spoločnosť Modex, akciová spoločnosť Žilina, dizajn a výroba so 60-ročnou tradíciou. Marketingová spolupráca s konštruktérmi strihov a odborným personálom. Kvalita a módnosť na trhu. Konkurencieschopnosť ázijskému dovozu.

Guardado en:
Detalles Bibliográficos
Autor principal: Hudec, Marián
Formato: Capítulo de libro
Lenguaje:eslovaco
Materias:
Etiquetas: Agregar Etiqueta
Sin Etiquetas, Sea el primero en etiquetar este registro!

MARC

LEADER 00000naa a2200000 4500
001 0119239
005 20231011121833.3
041 0 |a slo 
044 |a SK 
245 1 0 |a Určené pre dynamické a úspešné ženy  |c Marián Hudec 
520 |a Slovenský výrobca dámskej konfekcie, spoločnosť Modex, akciová spoločnosť Žilina, dizajn a výroba so 60-ročnou tradíciou. Marketingová spolupráca s konštruktérmi strihov a odborným personálom. Kvalita a módnosť na trhu. Konkurencieschopnosť ázijskému dovozu. 
610 2 0 |a Slovensko 
610 2 0 |a priemysel odevný 
610 2 0 |a konfekcia 
610 2 0 |a modely 
610 2 0 |a dizajn 
610 2 0 |a odevy 
610 2 0 |a pracovníci odborní 
610 2 0 |a marketing 
610 2 0 |a komunikácia marketingová 
610 2 0 |a konkurencia trhová 
610 2 0 |a kvalita výrobkov 
100 1 |a Hudec, Marián